MDQL
is popping MORE tags! Check the
thread
!
Quizzes
Events
Quiz Creation
Community
Videos
Private Events
Remove Ads
Sign In
Join for FREE
Feedback
Dark Mode
Quiz Categories
Sports
Geography
Music
Movies
Television
Just For Fun
Miscellaneous
History
Literature
Language
Science
Gaming
Entertainment
Religion
Holiday
For Kids
Quiz Lab
Recent
Popular Today
Quiz Kudos Today
Editor Picks
Curator Picks
Quizzes by...
Day
Popularity
Type
Ratings
Length
Year
Community
Subscriptions
Recent Discussions
Orange Saloon
Badges
Playlists
Quests
Create
Leaderboards
Showdown
Live 5
Trivia Bingo
Activity
Puzzle Library
Sporcle Events
Private Events
Virtual Trivia
Globe League
Become a Host
Pub Owners
SporcleCon
Opinionation
Our Games
Videos
Blog
Mobile Apps
Partnerships
Remove Ads and Go Orange
Feedback
Sports
Athletes
MLB
NBA
NHL
NFL
Soccer
Sports Teams
WWE
NCAA
Football
Premier League
Basketball
Baseball
Hockey
Golf
Tennis
Cricket
Rugby
Auto Racing
Olympics
World Cup
Sports
Athletes
MLB
NBA
NHL
NFL
Soccer
Sports Teams
WWE
NCAA
Football
Premier League
Basketball
Baseball
Hockey
Golf
Tennis
Cricket
Rugby
Auto Racing
Olympics
World Cup
Random Quiz
Search Sporcle
×
Quiz Lab
Quiz Lab
Sports
VFL
Type in answers that appear in a list
Type in answers that appear in a list
Classic
Best Score? Go Orange.
North Melbourne - 8 goals in a game Stats
Can you name the players who have kicked 8 or more goals in a game for North Melbourne?
By
darkbastard18
6m
22 Questions
116 Plays
116 Plays
116 Plays
Comments
Comments
Give Quiz Kudos
Give Quiz Kudos
-
- Ratings
hide this ad
More Info
Replay
Link that replays current quiz
Next Quiz
Link to next quiz in quiz playlist
You Got
0%
They Got
Avg Score
37%
Avg Friend Score
Upgrade to see
Score Distribution
Jump to the score distribution portion of the page
Score
0/22
Timer
06:00
0
Plays Today
Number of times kicked 8+ goals
Player
% Correct
5
Wayne Carey
97.4%
10
John Longmire
81%
8
Malcolm Blight
74.1%
1
Doug Wade
61.2%
1
Saverio Rocca
61.2%
1
Nathan Thompson
56.9%
1
David Hale
53.4%
1
Corey McKernan
51.7%
2
Adrian McAdam
44.8%
1
Ross Glendinning
41.4%
8
Jock Spencer
34.5%
Number of times kicked 8+ goals
Player
% Correct
1
Sam Kekovich
31%
1
John Dugdale
25.9%
1
Arnold Briedis
25%
2
Kerry Good
20.7%
1
Donald McDonald
20.7%
1
John McCarthy
15.5%
6
Sel Murray
12.9%
1
Sid Dyer
9.5%
1
Daryl Sutton
6%
2
Frank Crapper
1.7%
1
Peter Schofield
1.7%
Quiz Playlist
Details
Report
Send in Message
Add To Playlist
More Info:
Name the players who have kicked 8 or more goals in a game for North Melbourne. Stats current after Rd 16, 2015.
Classic:
Type in answers that appear in a list
Quiz Source
Last Updated: Feb 16, 2017
Quiz Scoreboard
CHALLENGE
Sign Up to Join the Scoreboard
Show All
Scores
Hide
Comments
May contain spoilers
Recently Published
5x2 Blitz: Bands
by SL_Kpop136
Music
30s
Colored Red Africa Blitz
by spor1
Geography
30s
Find the 'City' Movie
by crazypaving
Movies
60s
More to Explore
Quiz From the Vault
Featured Blog Post
14 Easter Pick-up Lines to Find Eggs With
hide this ad
You Might Also Like...
Tags
AFL
Australian Football
goal
Goal Scorers
North Melbourne
VFL
Today's Top Quizzes in Sports
Browse Sports
hide this ad
Top Contributed Quizzes in Sports
1
Players with Multiple 50 Home Run Seasons
2
Who Needs Fielders?
3
Criteria MLB: Left Handed Sluggers
4
MLB Players with Two .350 Batting Average Seasons
5
Who Hit More Homers?
6
2020 F1 Drivers Logic Puzzle
7
NBA Teammate Connections
8
Premier League Clubs since 2000 (minefield)
9
MLB Teams by First Game
10
Top 10 NHL Goal Scorers of All Time
Explore More
Trending Topics
Harry Potter
Kpop
Anime
NBA
Crossword
Marvel
Disney
The Office
WWE
Song
Puzzle
Pokémon
NFL
Soccer
Country
hide this ad
More By:
darkbastard18
Quiz
Plays
Rating
Category
Featured
Created
Most VFL/AFL games without a premiership *updated*
609
4.00
Sports
Jul 19, 2015
AFL - Coached team to a Premiership and a Wooden Spoon
273
5.00
Sports
Aug 28, 2015
VFL/AFL players - 100 games at 2 clubs
246
Sports
Oct 5, 2015
AFL - Port Adelaide 100 Game Players *updated*
219
5.00
Sports
Jul 21, 2015
Most VFL/AFL games coached without a premiership
214
5.00
Sports
Jul 20, 2015
Go to Creator's Profile
Score Distribution
Quiz Creator Spotlight
darkbastard18
Follow
Send a Message
Quizzes Created
-
Created Quiz Play Count
-
More By This Creator
Popular Quizzes Today
1
Find the 'City' Movie
2
5x2 Blitz: Bands
3
Colored Red Africa Blitz
4
Find the US States - No Outlines Minefield
5
The Countries of the World
6
Find the US States
7
9x9 Crossword: Cartoon Network
8
US States
More Sports Quizzes
Deschamps Winning Nations League XI's
Quiz Lab
Trending Quizzes
Colored Red Europe Blitz I
Colored Red Africa Blitz II
Colored Red Europe Blitz III
Colored Red Europe Blitz II
Colored Red Africa Blitz III
Recently Updated
Champions League XIs: Real Madrid
pecheneg
Largest US Cities 1790-2010
pecheneg
Rides in Walt Disney World
pecheneg
Most Oscar Losses (Acting)
pecheneg
Beyoncé Albums
pecheneg
Leaping Animals
pecheneg
Reality TV Shows (A-Z)
bhenderson79
Rickey Henderson's Hall of Fame Teammates
pecheneg
Champions League XIs: Arsenal
pecheneg
Quick Pick: Celebrities in WWE's Hall of Fame
aduchscher
Trending Topics
Anime
NBA
Kpop
Marvel
Disney
Crossword
Harry Potter
Song
Puzzle
The Office
WWE
Soccer
NFL
Country
Pokémon
Your Account Isn't Verified!
In order to create a playlist on Sporcle, you need to verify the email address you used during registration. Go to your
Sporcle Settings
to finish the process.
Report this User
Report this user for behavior that violates our
Community Guidelines
.
Details:
Send Report
Go to the Sporcle.com Mobile Site →
Comments